000 00385nab a22001097u 4500
008 130520b2006 xxu||||| |||| 00| 0 spa d
041 _aspa
100 1 _aRosny, Éric de
_926607
245 0 0 _aLas nuevas formas del ministerio de sanación en África: la Iglesia católica en Camerún
_cÉric de Rosny
773 0 _tConcilium
_gnº317,2006,págs. 119-132
_x0210-1041
_wRev134
942 _cAR
999 _c378564
_d378564